000
00263nam a2200109Ia 4500
008
240625s9999 xx 000 0 und d
041
_a
eng
082
_a
808.20 BOS
100
_a
BOSE SUPRATIM
245
_a
CONSUMER PRODUCT TEST CTP INSIGHT MINING
260
_c
2013
999
_c
37026
_d
37026